00883 a2200169 4500003000500000005001700005010001200022040000900034082001500043100002700058245006600085260003100151300001300182505045100195600002500646650004200671NUST20221118121843.0 a6910185 cNust a515.15,SIL aSilverman, Richard A.  aModern calculus and analytic geometry /cRichard A. Silverman aNew Yorkb Macmillanc1969 a1034 p.: aSets And Functions (Page-1), Numbers And Coordinates (Page-38), Graphs (Page-77), Limits (Page-135), Derivatives (Page-205), Well-Behaved Functions (Page-259), Integrals (Page-347), Analytic Geometry In R2 (Page-422), Curves And Vector In R2 (Page-524), Linear Algebra (Page-594), Analytic Geometry In R2 (Page-638), Partial Differentiation (Page-693), Multiple Integration (Page-757), Further Computations (Page-835), Infinite Series (Page-886). aRichard A. Silverman aModern calculus and analytic geometry